000 00700nam a2200205Ia 4500
003 PILC
005 20160315152524.0
008 140321s9999 xx 000 0 und d
020 _a9780789037831
050 _aG 155.A1
_b.Sa2488 2010
245 _aSafety and security in tourism :
_brecovery marketing after crises /
_cedited by : Noel Scott, Eric Laws and Bruce Prideaux.
260 _aNew York :
_bHaworth Hospitality Press,
_c2010.
300 _a282 pages :
_c30 cm.
_billustrations ;
500 _aIncludes bibliographical references and index.
650 _aCrisis management.
650 _aTourism
_xManagement.
650 _aTourism
_xMarketing.
942 _kFOR
_cBK
_2lcc
999 _c48265
_d48265